| 000 | 00364nam a2200109Ia 4500 | ||
|---|---|---|---|
| 008 | 171204s9999 xx 000 0 und d | ||
| 245 | _aManagerial Economics: Applications, Strategies And Tactics | ||
| 245 | _cJames R. McGuigan and R. Moyer | ||
| 260 | _c2014 | ||
| 650 | _xMANAGERIAL ECONOMICS | ||
| 856 | _uhttp://down.ebook777.com/016/ManEcoAppStrAndTac13tEdi.pdf | ||
| 999 |
_c347030 _d347030 |
||